Pracovná disciplína a novela Zákonníka práce

Charakter, podstata a funkcia pracovnej disciplíny. Charakter pracovnej disciplíny. Podstata a funkcia pracovnej disciplíny. Hodnotenie a metódy zabezpečenia dodržiavania pracovnej disciplíny. Pojem a obsah pracovnej disciplíny. Pracovný poriadok.

Gespeichert in:
Bibliographische Detailangaben
1. Verfasser: Indrišek, Štefan
Format: Buchkapitel
Sprache:Slowakisch
Schlagworte:
Tags: Tag hinzufügen
Keine Tags, Fügen Sie das erste Tag hinzu!

MARC

LEADER 00000naa$a2200000$$$4500
001 0065415
005 20231013071758.0
041 0 |a slo 
044 |a SK 
245 1 0 |a Pracovná disciplína a novela Zákonníka práce  |c Štefan Indrišek 
520 |a Charakter, podstata a funkcia pracovnej disciplíny. Charakter pracovnej disciplíny. Podstata a funkcia pracovnej disciplíny. Hodnotenie a metódy zabezpečenia dodržiavania pracovnej disciplíny. Pojem a obsah pracovnej disciplíny. Pracovný poriadok. 
610 2 0 |a disciplína pracovná 
610 2 0 |a poriadok pracovný 
610 2 0 |a pojmy 
610 2 0 |a zákonník práce 
100 1 |a Indrišek, Štefan